00763nam a2200205 a 450000100100000000500170001000800410002702000150006804000250008310000340010824500880014225000120023026000940024230000280033649000220036450000680038650400330045471000480048783000220053500004037020201002034105.0130823s2001 mx 000 0 spa d a9683690300 aDO-SdBNPbspacBNPHU1 aMoctezuma Barragán, Gonzalo10aDerechos de los usuarios de los servicios de salud /cGonzalo Moctezuma Barragán. a2a. ed. aMéxico :bUniversidad Nacional Autónoma de México :bCámara de Diputados;,c2001. a176 p. :bil. ;c22 cm.1 aNuestros derechos aIncluye datos biográficos de los autores en la contracubierta aBibliografía : p. 175- 1762 aUniversidad Nacional Autónoma de México 0aNuestros derechos